00746nam a2200217Ia 450000500170000000800410001702000180005804100080007608200130008410000260009724500420012325000110016526000440017630000090022050000240022965000230025370000730027694200070034999900170035695201550037320230422162930.0230125s9999 xx 000 0 und d a0-06-044466-5 aeng a658bMEG aMegginson L C9115895 aManagementbConcepts and Applications aEd 3rd c1989bHarper and Raw PublishersaU.S.A. a646p aGeneral Management  aGeneral Management aMegginson L C; Mosley D C; Pietri P H & Abhyankar M W, Donor9115896 cDB c93657d93657 00104070aHIMRbHIMRd2015-06-19eDonated Book- Outside Donarg1.00o658 MEG DB2041pHIMR-DB-2041r2023-01-25 00:00:00v1.00w2023-01-25yDBzDB2041